000 00299nam a22001337a 4500
008 170721b xxu||||| |||| 00| 0 eng d
020 _a9780201634556
041 _aeng
080 _a004
100 _a29
101 _aSHKI
245 _aTHA JAVA PROGRAMMING LANGUAGE
_cARNOLD, K
942 _2udc
_cBK
999 _c21771
_d21771